| 000 | 01002cam a22003017a 4500 | ||
|---|---|---|---|
| 003 | CHAP | ||
| 005 | 20220329142233.0 | ||
| 008 | 000315d199? mx r 00110 spa d | ||
| 010 | _a80361 | ||
| 011 | _a81333 | ||
| 035 | _a91802 | ||
| 040 | _cCHAP | ||
| 090 | _aFolleto 15700 | ||
| 130 | 0 |
_aMéxico (Edo.). Leyes, decretos, etc. _976852 |
|
| 245 | 1 | 0 |
_aLey de educación pública del Estado de México _c/por Secretaría de Educación, Cultura y Bienestar Social |
| 260 |
_aToluca, Méx. : _bGobierno del Estado de México, _c199? |
||
| 300 | _a15 p. | ||
| 590 |
_aBATCH-UPD _b10 _c20130110 _lUCH01 _h0717 |
||
| 590 |
_aBATCH-UPD _b10 _c20130410 _lUCH01 _h0402 |
||
| 590 |
_aBATCH-UPD _b10 _c20130914 _lUCH01 _h1237 |
||
| 590 |
_aCONVERSION _b10 _c20130109 _lUCH01 _h1345 |
||
| 650 | 1 | 4 |
_aEducación _xLeyes. _935460 |
| 650 | 1 | 4 |
_aPolítica educativa _xMéxico (Edo.) _990554 |
| 901 | _aBK | ||
| 905 | _aGuadalupe Pinto C. | ||
| 942 | _cFOLL | ||
| 949 |
_aFolleto 15700 _bBC _cFOLL _d918021 _eTS1 _i91802 _sb |
||
| 999 |
_c80361 _d80361 |
||